Národná a regionálna ekonomika III krajiny Višegrádu a EÚ
Gespeichert in:
| Körperschaft: | |
|---|---|
| Weitere Verfasser: | |
| Format: | Buch |
| Sprache: | Slowakisch Tschechisch Englisch |
| Veröffentlicht: |
Košice
Ekonomická fakulta Technickej Univerzity Košice
2000
|
| Schlagworte: | |
| Tags: |
Keine Tags, Fügen Sie das erste Tag hinzu!
|
MARC
| LEADER | 00000nam$a2200000$$$4500 | ||
|---|---|---|---|
| 001 | 0024284 | ||
| 005 | 20240104091708.2 | ||
| 020 | |a 80-7099-626-9 | ||
| 041 | 0 | |a slo | |
| 041 | 0 | |a cze | |
| 041 | 0 | |a eng | |
| 044 | |a SK | ||
| 245 | 1 | 0 | |a Národná a regionálna ekonomika III |b krajiny Višegrádu a EÚ |c zborník zostavili: Štefan Samson ... [et al.] |
| 264 | 1 | |a Košice |b Ekonomická fakulta Technickej Univerzity Košice |c 2000 | |
| 300 | |a 383 s. | ||
| 610 | 2 | 0 | |a politika regionálna |
| 610 | 2 | 0 | |a ekonomika regionálna |
| 610 | 2 | 0 | |a hospodárstvo národné |
| 610 | 2 | 0 | |a porovnanie medzinárodné |
| 610 | 2 | 0 | |a integrácia ekonomická medzinárodná |
| 610 | 2 | 0 | |a globalizácia |
| 610 | 2 | 0 | |a politika hospodárska |
| 610 | 2 | 0 | |a rozvoj regionálny |
| 610 | 2 | 0 | |a spolupráca medzinárodná |
| 610 | 2 | 0 | |a Európa |
| 610 | 2 | 0 | |a Európska únia |
| 610 | 2 | 0 | |a Vyšehradská štvorka |
| 700 | 1 | |a Samson, Štefan | |
| 110 | 2 | |a Technická univerzita v Košiciach | |